000
00307 a2200109 4500
001
ART_6645
005
20260410161620.0
008
260409a
245
1
0
_a
Estados contables en moneda homógenea
100
1
_a
Slosse, Carlos Alberto
773
0
_t
Enfoques
_g
- Nº 10 (oct. 2009)
_w
REV416
999
_c
11463
_d
11463